000 00576nam a2200229Ia 4500
003 OSt
005 20220928101710.0
006 a|||||r|||| 00| 0
007 ta
008 220927b |||||||| |||| 00| 0 eng d
024 _a27395
037 _cTextual
040 _aSDCL
_cSDCL
_beng
041 _2eng
_aeng
082 _aQ2, N4
100 _aRaj Kishor Ed.
_9393924
245 0 _aHindu hone ka matlab.
260 _aNew Delhi
_bVaani Prakashan
_c1994
300 _a112p.
_ccm.
942 _hQ2, N4
_cTEXL
_2CC
999 _c709495
_d709495